The International directory of importers 2009 : Europe (Volume II).

Bibliographic Details
Format: Book
Published: Poulsbo,WA: Interdata, 2009.
Edition:20th ed.
Subjects:
LEADER 01275cam a2200421 7i4500
001 0000023305
005 20090729090000.0
020 0 0 |a 978-1-58239-003-1  
090 0 0 |a EURO 382.5025   |b INT 
245 0 0 |a The International directory of importers 2009 :   |b Europe (Volume II). 
250 0 0 |a 20th ed. 
260 0 0 |a Poulsbo,WA:   |b Interdata,   |c 2009. 
300 # # |a 2v. [918 p]. 
500 0 0 |a Library has 3 volumes 
650 0 0 |a Imports --   |x Directories --   |z Europe  
651 0 0 |a Portugal  
651 0 0 |a Ukraine Republic  
651 0 0 |a Macedonia  
651 0 0 |a Lithuania  
651 0 0 |a Slovenia  
651 0 0 |a Slovakia  
651 0 0 |a Latvia  
651 0 0 |a Russia  
651 0 0 |a United Kingdom  
651 0 0 |a Romania  
651 0 0 |a Spain  
651 0 0 |a Sweden  
651 0 0 |a Europe  
651 0 0 |a Switzerland  
651 0 0 |a Malta  
651 0 0 |a Poland  
651 0 0 |a Norway  
651 0 0 |a Netherlands  
999 |a JHR000143B  |b Directories  |c Regions  |e MATRADE Southern Regional Office 
999 |a B000025050  |b Directories  |c Regions  |e Business Information Centre 
999 |a PNG000850B  |b Directories  |c Regions  |e MATRADE Northern Regional Office 
999 |a SBH000821B  |b Directories  |c Regions  |e MATRADE Sabah 
999 |a SRW000247B  |b Directories  |c Regions  |e MATRADE Sarawak